00771nam a2200205Ia 4500008004100000020001500041040001800056041000800074100002900082245007600111260004800187300001800235500003800253500005800291504004700349650003100396650004600427650004300473651004900516130821s1986 mx gr spa  a9684519095 aCo-BoUCMbspa00aspa1 aAmaro Guzmán, Raymundo10aIntroducción a la administración públicacRaymundo Amaro Guzmán aMéxico D.F. (México)bMcGraw-Hillc1986 a513 páginas aDonación Dr. Guillermo Galán. aLibro disponible en 48 horas a partir de la solicitud aIncluye bibliografía e índice general.04aAdministración pública04aFuncionarios públicoszAmérica Latina04aPlanes de desarrollozAmérica Latina 4aAmérica LatinaxAdministración pública